000 00383 a2200169 4500
001 48212
020 _a9788541810609
040 _cAnchieta - Aquarius
100 _aLima, Manoel Ricardo de
240 1 0 _aMaria quer o mundo
_l
245 1 0 _aMaria quer o mundo
300 _a39
362 0 _a2015
440 1 _aEdições SM
650 4 _aLiteratura infanto-juvenil
942 _cBK
999 _c48212
_d48212